Statistiken für Allgemeinwissen

Klicken Sie hier um das Quiz zu spielen!

Allgemein

  • Dieses Quiz wurde 615 mal gespielt
  • Das Durchschnittsergebnis liegt bei 10 aus 18

Antwortstatistiken

FrageAntwort% Korrekt
Welcher Planet ist für seine Ringe bekannt?Saturn
93%
Welches Bundesland in Deutschland ist flächenmäßig das größte?Bayern
91%
Wie heißt der größte Ozean?Pazifischer Ozean
84%
Was ist das größte Tier der Welt?Blauwal
83%
Wer war der erste Präsident der Vereinigten Staaten von Amerika?George Washington
81%
In welchem Jahr ist die Berliner Mauer gefallen?1989
80%
Welches Instrument wird mit Schottland verbunden?Dudelsack
78%
Welche Sprache spricht man in Brasilien?Portugiesisch
72%
Wie nennt man die gesetzgebende Gewalt in Deutschland?Legislative
60%
Wie lautet das chemische Symbol für Silber?Ag
59%
Welches Gewürz wird auch als "rotes Gold" bezeichnet?Safran
53%
In welchem Körperteil findest du den Ulna (Elle)?Unterarm
52%
Wie viele Tasten hat ein Klavier?88
31%
Wie hoch ist der Eiffelturm?300m
29%
Was ist ein Sonett?Gedichtform
29%
Aus wie vielen Einzelknochen besteht eine menschliche Hand?27
25%
Aus welchem Material bestehen die Fingernägel?Keratin
23%
Wie lang ist die Strecke eines Marathons?42,195km
12%

Verteilung der Resultate

Perzentil nach korrekt beantworteten Fragen

Anzahl Personen mit jedem Resultat

Ihre Resultats-Entwicklung

Sie haben dieses Quiz noch nicht gespielt